00521nam a2200205 a 4500001001300000003000900013005001700022008004100039020001000080082002300090100002200113245003400135260002800169300000900197500003500206505001300241650001800254650002100272700002200293nice12345678IN_TiNIC20260116013523.0050524s1995 dela grp 000 0 eng  ac18500a305.629705496bDAS aDastidar, Mollica aReligious Minorities in Nepal aDelhibNirala Pubc1995 a140p aincludes index and biblioraphy2 aGlossary aMuslims-Nepal aMinorities-Nepal1 aDastidar, Mollica